[Event "AUTO-OPEN-2935"]
[Site "http://www.queenalice.com/game.php?id=1158717"]
[Date "2013.3.7"]
[Round "1"]
[White "jgfmelo"]
[Black "Agatha14"]
[Result "1-0"]
[WhiteElo "1845"]
[BlackElo "1139"]

1. e4 e5 2. Nf3 Nc6 3. Bb5 Nf6 4. d3 a6 5. Bxc6 dxc6 6. Nxe5 Bg4 7. f3 Be6 8.
Bg5 h6 9. Bxf6 gxf6 10. Nc4 Bxc4 11. dxc4 Bb4+ 12. c3 Bc5 13. Qxd8+ Rxd8 14. Nd2
Be3 15. Nb3 a5 16. Ke2 Bf4 17. g3 Bd6 18. Nxa5 b6 19. Nxc6 O-O 20. Rad1 Rb8 21.
Nxb8 Rxb8 22. Rd3 Bf4 23. gxf4 1-0

[Event "AUTO-OPEN-2935"]
[Site "http://www.queenalice.com/game.php?id=1158718"]
[Date "2013.3.7"]
[Round "1"]
[White "Agatha14"]
[Black "jgfmelo"]
[Result "0-1"]
[WhiteElo "1137"]
[BlackElo "1847"]

1. e4 e5 2. Nf3 d6 3. Bb5+ c6 4. O-O cxb5 5. d3 Nf6 6. Nc3 Bd7 7. Bg5 Be7 8.
Bxf6 Bxf6 9. Nd5 O-O 10. a4 bxa4 11. Rc1 Nc6 12. Nc3 Bg4 13. h3 Be6 14. Nd2 Bg5
15. Nxa4 f5 16. exf5 Rxf5 17. Ne4 Bxc1 18. Qxc1 Nd4 19. c3 Ne2+ 20. Kh2 Nxc1 21.
Rxc1 b5 0-1

[Event "AUTO-OPEN-2935"]
[Site "http://www.queenalice.com/game.php?id=1158743"]
[Date "2013.3.7"]
[Round "1"]
[White "Fischercat"]
[Black "Agatha14"]
[Result "1-0"]
[WhiteElo "1844"]
[BlackElo "1098"]

1. Nc3 e5 2. Nf3 Nc6 3. e4 d5 4. Nxd5 Nd4 5. Nxd4 Be6 6. Nxe6 fxe6 7. Nc3 Nf6 8.
d3 Bb4 9. Bd2 O-O 10. a3 Bc5 11. Be2 c6 12. O-O Bd4 13. Be3 Bxe3 14. fxe3 Rc8
15. Na4 b5 16. Nc5 Re8 17. Bg4 Nxg4 18. Qxg4 h5 19. Qg6 Re7 20. Rf3 a6 21. Rf6
Rf7 22. Rxf7 Qe8 23. Qxg7# 1-0

[Event "AUTO-OPEN-2935"]
[Site "http://www.queenalice.com/game.php?id=1158744"]
[Date "2013.3.7"]
[Round "1"]
[White "Agatha14"]
[Black "Fischercat"]
[Result "0-1"]
[WhiteElo "1109"]
[BlackElo "1868"]

1. e4 Nc6 2. d4 e5 3. dxe5 Nxe5 4. Bf4 Qf6 5. Nf3 Nxf3+ 6. gxf3 Qxf4 7. Rg1 Nf6
8. Nc3 Qxh2 9. Rg5 Bb4 10. a3 Bxc3+ 11. bxc3 O-O 12. f4 Qxf4 13. Ra5 Nxe4 14. f3
Nxc3 15. Qd3 Re8+ 16. Kf2 Ne4+ 17. Kg1 Qg3+ 18. Kh1 Nf2# 0-1

[Event "AUTO-OPEN-2935"]
[Site "http://www.queenalice.com/game.php?id=1158761"]
[Date "2013.3.7"]
[Round "1"]
[White "Agatha14"]
[Black "silverado"]
[Result "0-1"]
[WhiteElo "1107"]
[BlackElo "1846"]

1. e4 e5 2. Nf3 Nc6 3. Nc3 Bc5 4. Bc4 h6 5. Bd5 Nd4 6. Nxd4 Bxd4 7. Nb5 c6 8.
O-O cxb5 9. d3 Nf6 10. c3 Bb6 11. Bb3 d6 12. Bd5 Rb8 13. Bc6+ bxc6 14. Be3 Ng4
15. Bxb6 Rxb6 16. f3 Ne3 17. Qb3 Nxf1 18. Kxf1 Be6 19. Qc2 Qh4 20. g3 Bh3+ 21.
Kg1 Qf6 22. Kh1 Qxf3+ 23. Kg1 Qe3+ 24. Kh1 Ra6 25. Qb3 Qf3+ 26. Kg1 Qg2# 0-1

[Event "Challenge"]
[Site "http://www.queenalice.com/game.php?id=1160048"]
[Date "2013.3.11"]
[Round "-"]
[White "josebaron"]
[Black "Agatha14"]
[Result "1-0"]
[WhiteElo "1837"]
[BlackElo "1111"]

1. e4 e5 2. Nf3 Nc6 3. Bc4 Nf6 4. d3 Bb4+ 5. c3 Bc5 6. Bg5 Ng4 7. Bxd8 Kxd8 8.
O-O d5 9. exd5 Ne7 10. h3 Nf6 11. Nxe5 Bf5 12. Nxf7+ 1-0

[Event "AUTO-BEG-575"]
[Site "http://www.queenalice.com/game.php?id=1160598"]
[Date "2013.3.13"]
[Round "1"]
[White "Agatha14"]
[Black "ricardoguevara"]
[Result "0-1"]
[WhiteElo "1096"]
[BlackElo "1342"]

1. e4 e5 2. Nf3 d6 3. Bb5+ Nc6 4. Bxc6+ bxc6 5. O-O Nf6 6. d3 Be7 7. Bg5 O-O 8.
Bxf6 Bxf6 9. Nc3 Bg4 10. h3 Be6 11. Nd4 exd4 12. Ne2 d5 13. exd5 Bxd5 14. Nc3
Qd6 15. Ne2 Bxg2 0-1

[Event "AUTO-BEG-575"]
[Site "http://www.queenalice.com/game.php?id=1160613"]
[Date "2013.3.13"]
[Round "1"]
[White "milane"]
[Black "Agatha14"]
[Result "1-0"]
[WhiteElo "1253"]
[BlackElo "1105"]

1. e4 e5 2. c4 Nf6 3. Nf3 Nxe4 4. Be2 Nc5 5. Nxe5 d6 6. Ng4 Ne4 7. O-O d5 8.
cxd5 Bxg4 9. Bxg4 Bb4 10. d3 Nc5 11. Nc3 Bxc3 12. bxc3 O-O 13. d4 Ne4 14. Be3
1-0

[Event "AUTO-BEG-575"]
[Site "http://www.queenalice.com/game.php?id=1160625"]
[Date "2013.3.13"]
[Round "1"]
[White "Agatha14"]
[Black "Narizinho"]
[Result "0-1"]
[WhiteElo "1128"]
[BlackElo "1379"]

1. e4 e5 2. Nf3 Nf6 3. Nc3 Nc6 4. d3 Bb4 5. a3 Be7 6. Be2 O-O 7. O-O d6 8. Ra2
Bg4 9. h3 Be6 10. Nd4 Nxd4 11. Bf3 Nxf3+ 12. gxf3 d5 0-1

[Event "AUTO-BEG-576"]
[Site "http://www.queenalice.com/game.php?id=1163957"]
[Date "2013.3.23"]
[Round "1"]
[White "Agatha14"]
[Black "CruzVictor"]
[Result "0-1"]
[WhiteElo "1113"]
[BlackElo "1313"]

1. d4 d5 2. e3 c5 3. dxc5 Nc6 4. Bb5 a6 5. Bxc6+ bxc6 6. Nf3 a5 7. O-O f6 8. e4
e5 9. c4 Ne7 10. Be3 Bg4 11. h3 Bh5 12. Nfd2 Bxd1 13. Rxd1 d4 14. Bg5 fxg5 0-1

[Event "AUTO-BEG-576"]
[Site "http://www.queenalice.com/game.php?id=1163958"]
[Date "2013.3.23"]
[Round "1"]
[White "CruzVictor"]
[Black "Agatha14"]
[Result "1-0"]
[WhiteElo "1304"]
[BlackElo "1122"]

1. e4 e5 2. Nf3 Nc6 3. Bb5 a6 4. Bxc6 bxc6 5. Nxe5 d6 6. Nxc6 Qd7 7. Na5 Nf6 8.
O-O Bb7 9. Nxb7 Ra7 10. Na5 Be7 11. Nc3 O-O 12. d4 Nd5 13. Nxd5 c6 14. Nb6 Qe8
15. Qg4 1-0

[Event "AUTO-BEG-577"]
[Site "http://www.queenalice.com/game.php?id=1167401"]
[Date "2013.4.2"]
[Round "1"]
[White "Agatha14"]
[Black "ratorei"]
[Result "0-1"]
[WhiteElo "1061"]
[BlackElo "2084"]

1. e4 e6 2. d4 d5 3. exd5 exd5 4. Nf3 Bf5 5. Bd3 Bxd3 6. cxd3 Bd6 7. O-O Ne7 8.
Bg5 O-O 9. Nc3 c6 10. Rc1 Qc7 11. Bxe7 Qxe7 12. Nd2 Bf4 0-1

[Event "AUTO-BEG-577"]
[Site "http://www.queenalice.com/game.php?id=1167402"]
[Date "2013.4.2"]
[Round "1"]
[White "ratorei"]
[Black "Agatha14"]
[Result "1-0"]
[WhiteElo "2084"]
[BlackElo "1061"]

1. e4 e5 2. Nf3 d6 3. Bc4 d5 4. exd5 Nf6 5. Nxe5 Nfd7 6. Nxd7 Bxd7 7. O-O Bg4 8.
f3 Bf5 9. Re1+ Be7 10. Qe2 Bd3 11. Bxd3 O-O 12. Qxe7 Qc8 13. c4 1-0